000 00669nam a2200277Ia 4500
005 20260320195727.0
008 008 262003s9999 xx 000 0 hin d
020 _a9788126715923
037 _aEBOOK
040 _aCRL
040 _bhin
040 _cCRL
041 _2hin
041 _ahin
084 _qCRL
100 _aफणीश्वरनाथ रेणु
_9159730
245 0 _aदीर्घतपा
250 _a6th
260 _bRajkamal
260 _c2008
300 _a144
856 _uhttps://ebook.indiaread.in/pdfs/281_deegarhtapa_by_fanishwar_renu.pdf
942 _cEBOOK
999 _c1716159
_d1716159